Eine Sache ein Land - Statistiken

Allgemein
  • Dieses Quiz wurde 250 mal gespielt
  • Das Durchschnittsergebnis liegt bei 14 aus 15
Antwortstatistiken
Bildquiz Antwort % Korrekt
Brasilien
100%
Japan
100%
Frankreich
99%
USA
99%
Russland
98%
Australien
97%
Kanada
96%
Ägypten
95%
Indien
92%
Argentinien
90%
Österreich
87%
Peru
84%
Kuba
81%
Mexiko
77%
Vereinigte Arabische Emirate
77%
Keine übereinstimmenden Quizze gefunden
Verteilung der Resultate
Anzahl Personen mit jedem Resultat
Perzentil nach korrekt beantworteten Fragen
Ihre Resultats-Entwicklung
Sie haben dieses Quiz noch nicht gespielt